Vista normal
Vista MARC
Entrada Personal Name
Número de registros utilizados en: 3
001 - CONTROL NUMBER
- control field: 37689
003 - CONTROL NUMBER IDENTIFIER
- control field: OSt
005 - DATE AND TIME OF LATEST TRANSACTION
- control field: 20210519163302.0
008 - FIXED-LENGTH DATA ELEMENTS
- fixed length control field: 210519|| aca||aabn | a|a d
040 ## - CATALOGING SOURCE
- Original cataloging agency: OSt
- Transcribing agency: OSt
100 ## - HEADING--PERSONAL NAME
- Personal name: Rabasco, Mª Esther
670 ## - SOURCE DATA FOUND
- Source citation: Work cat.: (OSt)11689: Warsh, David, autor 26199, El conocimiento y la riqueza de las naciones : , 2006.